[Event "GBR-ch"]
[Site "Scarborough"]
[Date "2001.08.02"]
[Round "4"]
[White "Rowson, Jonathan"]
[Black "Ghasi, Ameet K"]
[Result "1-0"]
[WhiteElo "2514"]
[BlackElo "2188"]
[Annotator "Martin,A"]
[PlyCount "119"]
[EventDate "2001.07.30"]

1. e4 c5 2. Nf3 d6 3. Nc3 Nf6 4. d4 cxd4 5. Nxd4 a6 6. Bc4 e6 7. a4 Qc7 8. Ba2
Be7 9. O-O O-O 10. Be3 ({RR} 10. f4 Nc6 11. Kh1 Bd7 12. f5 Nxd4 13. Qxd4 b5 14.
Bg5 Rab8 15. Bb3 b4 16. Ne2 Kh8 17. Qd3 Bc6 18. fxe6 Nxe4 19. Bxe7 Qxe7 20. Nd4
Bb7 21. Nf5 Qg5 22. e7 Rfc8 23. Bxf7 Rc5 24. e8=Q+ Rxe8 25. Bxe8 Rxf5 26. Rxf5
Qxf5 27. Rf1 Nf2+ 28. Kg1 Qe5 29. Rxf2 Qxe8 30. Qe2 {
1-0 Petrienko,V-Helbich,J/Presov 1999/EXT 2000 (30)}) 10... Nc6 11. f4 $146 ({
RR} 11. Qe2 Bd7 12. Rad1 Rac8 13. f4 Na5 14. Kh1 Nc4 15. Bc1 Nb6 16. Bb3 g6 17.
Rd3 Nc4 18. Rg3 Kh8 19. Nf3 b5 20. axb5 axb5 21. Qe1 b4 22. Nd1 d5 23. e5 Ne4
24. Rh3 Kg7 25. Nf2 Nxf2+ {Struth,E-Maelger,H/Germany 1993/GER/1/2-1/2 (43)}) (
{RR} 11. h3 Bd7 12. f4 Nxd4 13. Qxd4 Bc6 14. f5 e5 15. Qd3 b5 16. axb5 axb5 17.
Bb3 b4 18. Nd5 Bxd5 19. Bxd5 Nxd5 20. exd5 Bf6 21. Qe4 h6 22. Bd2 b3 23. cxb3
Qb6+ 24. Kh1 Qxb3 25. Bc3 Rfb8 {
Bauer,C-Relange,E/Meribel 1998/CBM 67/1/2-1/2 (57)}) 11... Bd7 12. Kh1 Rac8 13.
Qe2 Kh8 14. Rad1 Nxd4 15. Rxd4 Bc6 16. Bg1 Rcd8 17. f5 e5 18. Rd3 Rc8 19. Rh3
Qa5 20. Bb3 Qb4 21. Re1 Bd8 22. Bf2 $1 {Returning the Bishop to the fray.
White now has good chances to assume the initiative. } 22... b5 23. axb5 Bxb5
24. Nxb5 Qxb5 25. Qxb5 axb5 26. Rd3 Be7 27. Bh4 Rfd8 28. Bxf6 Bxf6 29. g3 Kg8
30. Ra1 Kf8 31. Ra5 Rc5 32. Rd1 Ke7 33. Rd5 b4 34. Raxc5 dxc5 35. Rxc5 $16 Rd4
36. Bd5 Kd7 37. Rb5 Rd1+ 38. Kg2 Rd2+ 39. Kh3 Be7 (39... Rxc2 40. Rb7+ Rc7 41.
Rxb4 $16) 40. Bxf7 Rxc2 41. Rb7+ Rc7 42. Be6+ Kc6 43. Bd5+ Kd7 44. Rb8 {
The torture continues.} 44... Bc5 45. b3 Ke7 46. Rh8 $1 h6 47. Ra8 Bg1 48. Ra1
{He always was a lovely mover....} 48... Bd4 49. Ra4 Bc5 50. Ra6 Bd6 51. Kg4
Rc2 52. Ra7+ Rc7 53. Ra2 Kf6 54. Ra6 Rd7 55. Kh5 $22 g6+ 56. fxg6 Kg7 57. Be6
Rd8 58. Ra7+ Kf6 59. Bd5 Be7 60. g7 1-0

[Event "GBR-ch"]
[Site "Scarborough"]
[Date "2001.08.02"]
[Round "4"]
[White "Briggs, Philip"]
[Black "Crouch, Colin"]
[Result "0-1"]
[WhiteElo "2200"]
[BlackElo "2407"]
[Annotator "Martin,A"]
[PlyCount "118"]
[EventDate "2001.07.30"]

1. e4 Nf6 2. e5 Nd5 3. d4 d6 4. Be2 $5 {
A favourite of Romanishin,as we will see.} 4... dxe5 5. dxe5 Nc6 6. Nf3 Bg4 7.
O-O ({RR} 7. c3 Nb6 8. Nbd2 e6 9. O-O Be7 10. a4 a5 11. Re1 O-O 12. Qb3 Qd5 13.
Qb5 Rfd8 14. Nf1 Qe4 15. Be3 Rd5 16. Qb3 Nxe5 17. Bxb6 Bxf3 18. Ng3 Qg6 19.
Bxc7 Bxe2 20. Rxe2 Nd3 21. Qxb7 Re8 {
Romanishin,O-Agzamov,G/Frunze 1985/MCD/1-0 (41)}) 7... e6 8. c3 ({RR} 8. c4 Nb6
9. Nbd2 Bb4 10. h3 Bh5 11. a3 Be7 12. b4 a5 13. b5 Nd4 14. Bb2 Nxf3+ 15. Nxf3
O-O 16. Qc1 Bc5 17. Qf4 a4 18. g4 Bg6 19. h4 h5 20. Ng5 hxg4 21. Rfd1 Qe7 22.
Bxg4 Rad8 {Sandten,U-Essing,A/GER 1999/EXT 2000/0-1 (42)}) 8... Be7 9. Qa4 Bh5
$146 ({RR} 9... Bxf3 10. Bxf3 O-O 11. Re1 Bg5 12. Nd2 Rb8 13. Nf1 b5 14. Qg4
Bxc1 15. Raxc1 Nce7 16. Ng3 Ng6 17. Qd4 Nb6 18. b3 Qe7 19. Qb4 c5 20. Qxb5 Nd7
21. Qe2 Ngxe5 22. Be4 f5 23. f4 fxe4 24. fxe5 {
Romanishin,O-Palatnik,S/Kherson 1989/CBM 16/1-0 (56)}) 10. Bb5 {
Possibly Briggs misses his chance :} (10. Rd1 Qc8 11. Bb5 O-O 12. Bxc6 Bxf3 13.
gxf3 bxc6 14. c4 $1 Nb6 (14... Nb4 15. a3 Na6 16. Qxc6 Nc5 17. Nc3 $16) 15.
Qxc6 $16) 10... O-O 11. Bxc6 Bxf3 12. gxf3 bxc6 13. Nd2 Qe8 14. c4 Nf4 15. Ne4
Ne2+ 16. Kh1 f5 17. Ng3 Nd4 18. f4 c5 19. Qxe8 Rfxe8 20. Be3 Rab8 21. Rab1 Red8
22. Rfd1 Nc2 23. Rxd8+ Rxd8 24. Nf1 Kf7 25. Kg2 h6 26. Rc1 Nb4 27. Rc3 Rd3 28.
Rxd3 Nxd3 29. b3 g5 30. Kf3 gxf4 31. Bxf4 Bg5 32. Be3 Nxe5+ 33. Ke2 Bxe3 34.
Nxe3 f4 35. Nd1 Nc6 36. Nc3 e5 37. Kf3 Ke6 38. Ke4 Nd4 39. Nd5 c6 40. Nc7+ Kd7
41. Na6 Kd6 42. h4 Ne2 43. a3 h5 44. b4 cxb4 45. axb4 Nc3+ 46. Kf5 Nd1 47. f3
Ne3+ 48. Kg5 Nxc4 49. Kxh5 e4 50. Nc5 e3 51. Kg5 Ne5 52. Ne4+ Kc7 53. Nc3 Nxf3+
54. Kxf4 Nxh4 55. Kxe3 Kb6 56. Kd4 Nf5+ 57. Kc4 Ne3+ 58. Kb3 Nd5 59. Kc4 Nxc3
0-1

[Event "GBR-ch"]
[Site "Scarborough"]
[Date "2001.08.02"]
[Round "4"]
[White "Walker, Martin G"]
[Black "Gallagher, Joseph G"]
[Result "1/2-1/2"]
[WhiteElo "2109"]
[BlackElo "2516"]
[Annotator "Martin,A"]
[PlyCount "76"]
[EventDate "2001.07.30"]

1. e4 c5 2. Nf3 d6 3. Bb5+ Nd7 4. d4 Ngf6 5. Nc3 cxd4 6. Qxd4 e5 7. Qd3 h6 8.
Be3 Be7 9. O-O-O ({RR} 9. Bc4 O-O 10. O-O-O a6 11. Bb3 b5 12. Nd5 Nxd5 13. Bxd5
Rb8 14. Ba7 Rb7 15. Bxb7 Bxb7 16. Nd2 Nf6 17. f3 d5 18. Bf2 Qc7 19. Rhe1 Rd8
20. Qb3 d4 21. Kb1 Nd7 22. c3 Nc5 23. Qc2 d3 {
Morovic Fernandez,I-Topalov,V/Las Palmas 1994/CBM 42/1/2-1/2 (41)}) ({RR} 9. h3
a6 10. Bxd7+ Bxd7 11. a4 O-O 12. O-O Rc8 13. Rfd1 Be6 14. a5 Qc7 15. Ne1 Bc4
16. Qd2 Qc6 17. f3 Rfd8 18. Bb6 Rd7 19. Nd3 Bd8 20. Bf2 b5 21. Nb4 Qb7 22. Qe1
Be6 23. Qe2 Rc4 {Deutsch,E-Kaspi,A/Israel 1999/EXT 2000/0-1 (49)}) 9... a6 10.
Ba4 $146 ({RR} 10. Bxd7+ Bxd7 11. h3 b5 12. g4 b4 13. Nd5 Nxd5 14. exd5 Qc7 15.
Nxe5 dxe5 16. d6 Bxd6 17. Qxd6 Qxd6 18. Rxd6 a5 19. Re1 h5 20. Bc5 hxg4 21.
Rxe5+ Be6 22. hxg4 g6 23. b3 Rh3 24. Kb2 Rf3 {
Lawton,G-Hansen,C/Copenhagen 1983/MCL/1-0 (52)}) 10... b5 11. Bb3 Bb7 12. h3
Rc8 13. Nd5 Bxd5 14. Bxd5 Nxd5 15. Qxd5 Qc7 16. Qd3 Nf6 17. Kb1 O-O 18. Nh4
Rfd8 19. Nf5 Bf8 20. Bc1 d5 21. exd5 Nxd5 22. Qe2 b4 23. Ne3 Nf4 24. Qxa6 Rxd1
25. Rxd1 Nxg2 26. Qa4 Nxe3 27. Bxe3 Rd8 28. Rxd8 Qxd8 29. Qc6 Qd1+ 30. Bc1 Qf1
31. Qf3 Bc5 32. Qa8+ Kh7 33. Qe4+ g6 34. Qxe5 Qxf2 35. a4 bxa3 36. bxa3 Bd4 37.
Qd5 (37. Qf4 Qxf4 38. Bxf4 g5 39. Bc7 $13 ) 37... Bg7 38. Bb2 Qb6 1/2-1/2

[Event "GBR-ch"]
[Site "Scarborough"]
[Date "2001.08.02"]
[Round "4"]
[White "Chandler, Murray"]
[Black "Palliser, Richard JD"]
[Result "1-0"]
[WhiteElo "2540"]
[BlackElo "2337"]
[Annotator "Martin,A (game of the day)"]
[PlyCount "41"]
[EventDate "2001.07.30"]

1. e4 c5 2. Nc3 d6 3. f4 { Clearly a good moment to launch 'The Grand Prix
Attack' which is not nearly as effective, if say,Black had played 2..Nc6.} 3...
g6 4. Nf3 Bg7 5. Bc4 Nc6 6. O-O $146 (6. f5 $5 gxf5 7. d3 {would be the
impatient way to treat the position but still very thematic. Chandler plays
patiently,building,rather in the style of Nigel Short.}) 6... e6 7. d3 Nge7 8.
Qe1 h6 (8... O-O 9. f5 {isn't exactly a forced win for White but Black would
certainly make life difficult for himself playing this way. Palliser's move
is very sensible,delaying castling,dissuading Qh4, asking White to find
another way.} 9... exf5 ({RR} 9... Na5 10. fxe6 fxe6 11. Bg5 Nxc4 12. Qh4 Qc7
13. Nb5 Qd7 14. Bxe7 Re8 15. dxc4 Qxe7 16. Qxe7 Rxe7 17. c3 Bd7 18. Nxd6 Bc6
19. Rad1 h6 20. Rd2 a6 21. Rfd1 Rd7 22. Kf2 Rad8 23. Ke1 Kf8 24. Nxb7 Rxd2 25.
Nxd8 Rxd1+ 26. Kxd1 Bxe4 27. Nxe6+ {
1-0 Balinas,R-McTavish,D/Winnipeg 1994/EXT 98 (27)}) 10. Qh4 ({RR} 10. Qh4 h5 (
{RR} 10... Qd7 11. Bg5 b5 12. Nxb5 Bb7 13. Bh6 Na5 14. Ng5 Nxc4 15. Bxg7 Kxg7
16. exf5 Nxf5 17. Rxf5 h5 18. Rxf7+ Rxf7 19. Nxf7 Qxb5 20. Rf1 Qc6 21. Qf6+ Kh7
22. Rf3 Ne5 23. Rg3 Ng4 24. Ng5+ Kh6 25. Nf7+ Kh7 26. Ng5+ Kh6 27. Nf7+ Kh7 28.
Ng5+ {1/2-1/2 Kristiansen,J-Fedder,S/Frederiksberg 1972/EXT 98 (28)}) 11. Bg5
Qd7 12. Rae1 b6 ({RR} 12... Kh8 13. Bf6 fxe4 14. dxe4 Ng8 15. Bxg7+ Kxg7 16.
Qf4 a6 17. Rd1 b5 18. Rxd6 Qg4 19. Qe3 Nge7 20. Bd5 Bb7 21. h3 Qc8 22. Qxc5 b4
23. Na4 Qc7 24. Nd4 Rac8 25. Bxf7 Qa5 26. Ne6+ {
1-0 Horn,P-Payen,A/Geneve 1990/EXT 97 (26)}) 13. Bb5 f6 14. Bd2 Qd8 15. h3 Ne5
16. Qg3 Kh7 17. Nh4 a6 18. Bc4 Qe8 19. Nd5 Nxd5 20. Bxd5 f4 21. Bxf4 Ra7 22.
Nf3 Be6 23. d4 Nxf3+ 24. Rxf3 cxd4 {
Van Mil,J-Van Rijn,A/Holland 1996/EXT 2000/0-1 (47)}) ({RR} 10. Bg5 h6 11. Qh4
Qd7 12. Bxh6 f4 13. Bxg7 Kxg7 14. Ng5 Rh8 15. Qxf4 {
1-0 Chapman,A-Streuber,P/Hessen 1999/EXT 2000 (15)})) 9. Bd2 $5 Nd4 $146 ({RR} 
9... O-O {Biting the bullet.} 10. Bb3 Nd4 ({RR} 10... d5 11. Rd1 f5 12. exd5
exd5 13. Kh1 a6 14. Ne2 Kh8 15. Qg3 Qd6 16. Ne5 Kh7 17. Rde1 Be6 18. c3 Bg8 19.
d4 cxd4 20. cxd4 Nc8 21. Bc3 N8a7 22. h4 h5 23. Ng1 Nb5 24. Ngf3 Bh6 25. Ng5+ {
Short,N-Gelfand,B/Linares 1992/CBM 28/0-1 (58)}) 11. Nxd4 cxd4 12. Ne2 f5 13.
exf5 gxf5 14. Qf2 Nc6 15. Rae1 Kh8 16. Ng3 Qe8 17. Qe2 e5 18. Nh5 Be6 19. Nxg7
Kxg7 20. Rf3 Bxb3 21. axb3 Qe6 22. b4 a6 23. c4 Rae8 24. Rg3+ {
Jovanovic,S-Stankovic,M/JUG 1994/EXT 99/1/2-1/2 (47)}) ({RR} 9... a6 10. a4 Nd4
({RR} 10... Rb8 11. Kh1 Nb4 12. Bb3 b5 13. axb5 axb5 14. Nxb5 Rxb5 15. Ba4 Bd7
16. Bxb5 Bxb5 17. Bxb4 cxb4 18. Qxb4 Bc6 19. Ra6 {
1/2-1/2 Boronyak,A-Horvath,C/Zalakaros 1992/EXT 97 (19)}) 11. Nxd4 cxd4 12. Ne2
d5 13. Bb3 dxe4 14. dxe4 d3 15. Ng3 dxc2 16. e5 Qb6+ 17. Qe3 Qxe3+ 18. Bxe3 Nf5
19. Nxf5 gxf5 20. Rac1 Bd7 21. Rxc2 Bc6 22. a5 O-O 23. Bb6 Be4 24. Rc3 {
Delchev,A-Kuczynski,R/Pula 1998/EXT 2000/1-0 (48)}) 10. Nxd4 cxd4 $146 11. Ne2
d5 {Perhaps a little premature.. It's more in the spirit of the position to
keep the Black pawn structure elastic. While giving concrete variations is
difficult right now here's a flavour of how Black should be playing :} (11...
O-O 12. Bb3 (12. Qh4 $6 Nc6 13. Qg3 Na5 $11) (12. Qg3 b6 13. Bb3 a5 14. a4 Ra7)
12... a5 13. a4 Bd7 $1) 12. Bb3 O-O 13. Rd1 $1 {Prophylaxis against a capture
on e4 and suggesting to Black that his front d pawn might become rather weak
as the game progresses. The Grand Prix Attack might be a misnomer -
Chandler is treating the opening in a much more positional style. } 13... Nc6
14. Kh1 $1 {More of the same-your move Richard!} 14... Qd6 {Personally,I like}
(14... a5 $1 {now,just to loosen up the White Queenside a bit.} 15. a4 (15. Ba4
Qb6 $1 $13) (15. f5 $4 a4 $19) 15... b6 16. exd5 (16. Qf2 dxe4 17. dxe4 Ba6 $13
) 16... exd5 17. Qg3 Re8 18. Rde1 Ne7 $1 $11) 15. f5 $1 {Very strong and this
must have been a surprise to Palliser. Chandler hasn't been proceeding with
too much urgency so far then he suddenly changes gear! } 15... exf5 (15...
dxe4 16. f6 $1 e3 17. fxg7 Kxg7 18. Bc1 f5 19. Qh4 e5 20. c3 $16) 16. exd5 Ne7
17. Bb4 {Oh dear ! Black's position collapses with alarming speed.} 17... Qd7
18. c4 (18. Qf2 Rd8 19. Bxe7 Qxe7 20. Nxd4 {
is also strong but Chandler wants more.}) 18... dxc3 (18... Re8 19. Qf2 $16)
19. Nxc3 Re8 20. Ba4 Bxc3 21. Bxc3 {With Qe5 coming up. A perplexing defeat
for Richard Palliser,remarkable for the speed of the finish. Obviously
Black has to pay great attention to detail defending against this particular
method of play.} 1-0

[Event "GBR-ch"]
[Site "Scarborough"]
[Date "2001.08.03"]
[Round "5"]
[White "Rowson, Jonathan"]
[Black "Miles, Tony"]
[Result "1/2-1/2"]
[WhiteElo "2514"]
[BlackElo "2565"]
[Annotator "Martin,A"]
[PlyCount "93"]
[EventDate "2001.07.30"]

1. e4 e5 2. Nf3 Nc6 3. Bb5 Nf6 4. O-O Nxe4 5. d4 Nd6 6. Bxc6 dxc6 7. dxe5 Nf5
8. Qxd8+ Kxd8 9. Nc3 Bd7 ({RR} 9... Ne7 10. h3 Ng6 11. Bg5+ Ke8 12. Rad1 Be6
13. Nd4 Bb4 14. Nxe6 fxe6 15. Ne4 Nxe5 16. Bf4 Nf7 17. Bxc7 Rc8 18. Bg3 Rd8 19.
c4 Be7 20. Bf4 Rf8 21. b3 b6 22. f3 Bf6 23. Rxd8+ Kxd8 24. Rd1+ {
Ivanchuk,V-Shirov,A/Monte Carlo 1998/CBM 63 ext/1-0 (59)}) ({RR} 9... a5 10.
Ne4 ({RR} 10. h3 Ke8 11. g4 Ne7 12. Kg2 h5 13. Kg3 Ng6 14. Bd2 hxg4 15. hxg4 f5
16. gxf5 Bxf5 17. Rh1 Rxh1 18. Rxh1 Bxc2 19. Bg5 Ne7 20. Nd4 Nf5+ 21. Nxf5 Bxf5
22. Kf4 Be6 23. Rh8 b5 24. a3 Kd7 {Rowson,J-Parker,J/SCO 1994/EXT 98/0-1 (50)})
10... a4 11. a3 Ke8 12. Bd2 c5 13. Rfe1 h6 14. h3 h5 15. Bc3 Rh6 16. Rad1 Be6
17. Nfg5 Be7 {1/2-1/2 Hajek,M-Lechtynsky,J/CZE 1999/EXT 2000 (17)}) 10. Rd1
$146 ({RR} 10. Bg5+ Ke8 11. Rad1 h6 12. Bc1 a5 13. Ne4 a4 14. a3 Ra5 15. Rd3
Be7 16. g4 Nh4 17. Nxh4 Bxh4 18. g5 Bxg5 19. Bxg5 hxg5 20. Rfd1 Rd5 21. Nxg5
Rh4 22. f3 Rxd3 23. Rxd3 Bf5 24. Rd2 Rh5 {
Morisi,E-Vannelli,V/Vitinia 1996/EXT 2000/1-0 (53)}) ({RR} 10. Bf4 h6 11. Rad1
Kc8 12. Ne2 g5 13. Bd2 Bg7 14. Bc3 Re8 15. g4 Nh4 16. Nxh4 gxh4 17. e6 Rxe6 18.
Bxg7 Rxe2 19. Rfe1 Bxg4 20. Rxe2 Bxe2 21. Rd2 Bc4 22. Rd4 Bxa2 23. Rxh4 Bb1 24.
c3 Kd7 {Salai,L-Rogers,J/Senec 1998/EXT 99/0-1 (56)}) 10... Kc8 11. Ng5 Be8 12.
b3 b6 13. Bb2 Kb7 14. Rd3 Be7 15. Nge4 Rd8 16. Rad1 Kc8 17. h3 h5 18. Bc1 Rxd3
19. Rxd3 h4 20. Bg5 Rh5 21. Rf3 Nd4 22. Bxe7 Nxf3+ 23. gxf3 Rxe5 24. Ba3 f5 25.
Ng5 Re1+ 26. Kg2 c5 27. f4 b5 28. Bxc5 Bc6+ 29. f3 Rc1 30. Bb4 Rxc2+ 31. Kg1
Bd7 32. Nd5 Rxa2 33. Bf8 a5 34. Bxg7 Rd2 35. Ne7+ Kb7 36. Ng6 c5 {An extra
ordinary position. It looks difficult for White because his Knights are a long
way from the action.} 37. Kf1 a4 (37... c4 38. bxc4 b4 39. Ke1 Rh2 40. Nxh4 (
40. Ne5 $1 Kc7 41. Nd3 b3 42. Be5+ Kc8 43. Nf2 a4 44. Bb2) 40... a4 41. Nf7 b3)
38. bxa4 bxa4 39. Ke1 Rh2 40. Bf8 c4 41. Kd1 Bb5 42. Bb4 Rb2 43. Bc3 Rb3 44.
Kc2 Ra3 45. Kb2 Rb3+ 46. Kc2 Ra3 47. Kb2 {It is truly amazing that Rowson can
keep Black at bay without the use of his Knights! } 1/2-1/2

[Event "GBR-ch"]
[Site "Scarborough"]
[Date "2001.08.03"]
[Round "5"]
[White "Lalic, Bogdan"]
[Black "Pert, Nicholas"]
[Result "1-0"]
[WhiteElo "2528"]
[BlackElo "2475"]
[Annotator "Martin,A"]
[PlyCount "113"]
[EventDate "2001.07.30"]

1. e4 e6 2. d4 d5 3. Nc3 Bb4 4. e5 c5 5. a3 Bxc3+ 6. bxc3 Qa5 $5 {
Pert's favourite.

As usual,Bogdan comes fully loaded.

} 7. Bd2 Qa4 8.
Nf3 b6 ({RR} 8... Ne7 9. Qb1 c4 10. h4 Nbc6 11. h5 h6 12. g4 Bd7 13. Nh4 O-O-O
14. Qb2 Rdg8 15. Bh3 g6 16. hxg6 fxg6 17. O-O-O g5 18. Ng2 Be8 19. f4 Bg6 20.
Rhf1 Be4 21. Rde1 Nd8 22. Rf2 Kb8 23. Ne3 {
Yurtaev,L-Nikolic,P/Elista 1998/CBM 66 ext/1/2-1/2 (67)}) 9. c4 $1 ({RR} 9. Be2
Ba6 10. O-O Nd7 11. Bxa6 Qxa6 12. Ng5 h6 13. Qh5 g6 14. Qh3 Ne7 15. a4 Qc4 16.
Nf3 Nf5 17. g4 Ne7 18. Ra3 Nc6 19. Be3 Rc8 20. Nd2 Qe2 21. Raa1 cxd4 22. Rfe1
Qa6 23. cxd4 Nb4 {Mork,K-Williams,S/London 1999/CBM 70 ext/0-1 (52)}) 9... dxc4
$146 ({RR} 9... Ba6 10. cxd5 Bxf1 11. Rxf1 exd5 12. dxc5 ({RR} 12. c4 Qxc4 13.
Rc1 Qd3 14. Rc3 Qf5 15. g4 Qd7 16. e6 fxe6 17. Ne5 Qe7 18. Rf3 Nf6 19. Qa4+
Nfd7 20. dxc5 Qxc5 21. Rc3 Qd6 22. Bf4 O-O 23. Ng6 e5 24. Nxf8 exf4 25. Rc8
Nxf8 26. Qe8 f3 {Solomon,S-Stephens,M/Melbourne 1991/EXT 97/1-0 (41)}) 12...
bxc5 13. Ng5 Nh6 14. c3 Qc6 15. f4 Nd7 {
1/2-1/2 Iordachescu,V-Totsky,L/Bucharest 1998/EXT 2000 (15)}) ({RR} 9... Ne7
10. dxc5 bxc5 11. Bd3 Ba6 12. Ng5 Nd7 13. Qh5 g6 14. Qf3 Nf5 15. Bxf5 gxf5 16.
cxd5 Qd4 17. Bc3 Nxe5 18. Qg3 Qc4 19. Qxe5 O-O-O 20. O-O-O {
1-0 Klovans,J-Kekki,J/Espoo 1992/EXT 2000 (20)}) 10. dxc5 bxc5 11. Bg5 Nd7 12.
Nd2 Nxe5 13. Nxc4 $1 f6 $8 14. Nxe5 Qe4+ 15. Qe2 Qxe5 16. Qxe5 fxe5 17. O-O-O
$16 {Not a good advertisement for 6...Qa5 } 17... Bd7 18. Re1 Nf6 19. Rxe5 Ng4
20. Re2 O-O 21. f3 Rf5 22. Be7 Nf6 23. Rd2 Bc6 24. Rd6 Bd5 25. c4 Bb7 26. Rxe6
Kf7 27. Re2 Nd7 28. Bd6 Re8 29. Rxe8 Kxe8 30. Bd3 Rh5 31. Re1+ Kd8 32. Bf4 Nf6
33. Kd2 Bc8 34. g4 Rh3 35. Bg3 Bb7 36. Re3 g5 37. Ke1 Nd7 38. Re6 Bxf3 39. Bf1
Bxg4 40. Bxh3 Bxh3 41. Ra6 Nb6 42. Rxa7 Nxc4 43. a4 Bd7 44. a5 h5 45. a6 h4 46.
Ra8+ Ke7 47. Bf2 Ne5 48. a7 Nf3+ 49. Ke2 Bb5+ 50. Ke3 Nxh2 51. Rc8 Nf1+ 52. Ke4
Nd2+ 53. Kf5 Bd7+ 54. Kxg5 Ne4+ 55. Kxh4 Bxc8 56. a8=Q Bf5 57. Qd5 1-0

[Event "GBR-ch"]
[Site "Scarborough"]
[Date "2001.08.03"]
[Round "5"]
[White "Turner, Matthew J"]
[Black "Ledger, Dave J"]
[Result "1-0"]
[WhiteElo "2511"]
[BlackElo "2312"]
[Annotator "Martin,A"]
[PlyCount "93"]
[EventDate "2001.07.30"]

1. e4 e5 2. Nf3 Nc6 3. Bb5 Nf6 4. O-O Bc5 5. c3 O-O 6. d4 Bb6 7. Bg5 d6 8. a4
$146 (8. Qd3 Bd7 ({RR} 8... Qe7 9. Bxc6 ({RR} 9. Nbd2 Bg4 10. Rae1 Nd8 11. d5
h6 12. Bh4 Kh8 13. h3 Bc8 14. Kh1 Rg8 15. Bxf6 Qxf6 16. Nh2 g5 17. f3 Qg6 18.
g4 c6 19. Bc4 Bc7 20. Bb3 cxd5 21. Bxd5 Ne6 22. Bxe6 Bxe6 23. c4 Rgd8 {
Radojcic,M-Kostic,B/Ljubljana 1947/EXT 99/1-0 (66)}) 9... bxc6 10. Nbd2 Qe6 11.
Rfe1 Nd7 12. Be3 a5 13. Qc4 Qxc4 14. Nxc4 f6 15. Nfd2 Ba6 16. Rad1 Rfe8 17.
dxe5 Bxe3 18. Rxe3 Bxc4 19. Nxc4 Nxe5 20. Nd2 Reb8 21. b3 c5 22. f4 Nc6 23. Nc4
a4 24. e5 axb3 25. axb3 fxe5 {1/2-1/2 Sax,G-Winants,L/Eupen 1999/EXT 2000 (25)}
)) 8... a5 $146 9. Re1 h6 ({RR} 9... Qe7 10. Nbd2 exd4 11. Bxc6 dxc3 12. bxc3
bxc6 13. e5 dxe5 14. Nxe5 Qc5 15. Qf3 Ng4 16. Ne4 Qxe5 17. Nf6+ Qxf6 18. Bxf6
Nxf6 19. Re5 Be6 20. h3 Rad8 21. Rd1 Rd5 22. Rde1 Rfd8 23. c4 Rxe5 24. Rxe5 {
Ricardi,P-Krasenkow,M/Andorra 1991/EXT 97/0-1 (40)}) 10. Bh4 Bg4 11. Bxc6 bxc6
12. dxe5 dxe5 13. Qxd8 Raxd8 14. Nxe5 g5 15. Bg3 Nxe4 16. Nxg4 f5 17. Na3 Nxg3
18. Nxh6+ Kg7 19. hxg3 Rd2 20. Re6 $146 {
 Ledger appears to have played into a bad line.} ({RR} 20. Rf1 Rxb2 21. Nc4
Rb3 22. Rfe1 Kxh6 23. Nxb6 Rxb6 24. Re5 Ra6 25. Rae1 g4 26. f3 Kg5 27. Re6 gxf3
28. gxf3 Rb6 29. Kf2 f4 30. R1e5+ Rf5 31. gxf4+ Kxf4 32. Re4+ Kg5 33. Rg4+ Kh5
34. Re8 c5 {Aarthie,R-Ovod,E/Oropesa del Mar 1999/CBM 72 ext/1-0 (49)}) ({RR} 
20. Nc4 Bxf2+ 21. Kf1 Bxe1 22. Rxe1 Rdd8 ({RR} 22... Rc2 23. Re6 Rf6 24. Rxf6
Kxf6 25. g4 fxg4 26. Nxg4+ Ke6 27. Nge3 Rc1+ 28. Ke2 Rb1 29. Kd3 c5 30. g4 Kd7
31. Kc2 Re1 32. b3 Ke6 33. Kd3 Rb1 34. Nxa5 Ke5 35. Nac4+ Kf4 36. Kc2 Rh1 37.
b4 {Muralidharan,M-Prakash,G/IND-ch 1994/CBM 41 ext/1-0 (57)}) 23. Re6 Rd1+ 24.
Ke2 Rh1 25. Rxc6 Rf6 26. Nxf5+ Rxf5 27. Rxc7+ Kg6 28. Rc6+ Kg7 29. Ne3 Re5 30.
g4 Ra1 31. b3 Kf7 32. Rb6 Ke8 33. g3 Kd7 34. Kd3 Re1 {
Ciuksyte,Z-Ovod,E/Elista 1998/CBM 66 ext/1-0 (55)}) 20... Rxf2 21. Kh2 Rh8 22.
Nc4 Rxh6+ 23. Rxh6 Kxh6 24. Re1 Rc2 25. Re6+ Kh5 26. Rxc6 Bf2 27. Rf6 f4 28.
gxf4 Kh4 29. fxg5 Bg3+ 30. Kg1 Kxg5 31. Rf3 Rc1+ 32. Rf1 Rc2 33. Rb1 Bf2+ 34.
Kh2 Re2 35. Rf1 Kh4 36. Rd1 Rc2 37. Rd3 Re2 38. Rf3 Bc5 39. Rf4+ Kg5 40. Rf7
Re4 41. b3 Kg4 42. Rxc7 Be7 43. Rc8 Bf6 44. Rg8+ Kh5 45. Rg3 Bd8 46. Re3 Bc7+
47. g3 1-0

[Event "GBR-ch"]
[Site "Scarborough"]
[Date "2001.08.03"]
[Round "5"]
[White "Gormally, Daniel"]
[Black "Moore, Gerald"]
[Result "1-0"]
[WhiteElo "2481"]
[BlackElo "2194"]
[Annotator "Martin,A"]
[PlyCount "45"]
[EventDate "2001.07.30"]

1. d4 Nf6 2. c4 g6 3. Nc3 d5 4. cxd5 Nxd5 5. e4 Nxc3 6. bxc3 Bg7 7. Nf3 c5 8.
Rb1 O-O 9. Be2 b6 10. O-O Bb7 11. Qd3 e6 12. Bg5 Qd6 13. Qe3 cxd4 14. cxd4 Rc8
15. Rfd1 Nd7 ({RR} 15... Qf8 16. h4 h6 17. Bf4 Nd7 18. e5 a6 19. a4 Bc6 20.
Rdc1 h5 21. Ng5 Qd8 22. g4 hxg4 23. Bxg4 Nf8 24. h5 Bd5 25. Qh3 gxh5 26. Bxh5
Rxc1+ 27. Rxc1 Ra7 28. Kh2 f6 29. exf6 Qxf6 30. Be3 {
Kohlweyer,B-Coenen,N/GER 1999/EXT 2000/1-0 (46)}) 16. Bb5 Nf8 17. Ba4 $5 $146 (
{RR} 17. Bf4 Qe7 18. d5 exd5 19. exd5 Qxe3 20. Bxe3 a6 21. Ba4 b5 22. Bb3 Nd7
23. d6 h6 24. Rbc1 {1/2-1/2 Cech,P-Konopka,M/CZE 1997/EXT 98 (24)}) 17... Bc6
18. Bb3 Nd7 19. d5 $1 $16 {Setting the scene for a quick finish. } 19... exd5
20. exd5 Bb7 21. Be7 Qc7 22. d6 Qc5 23. Qf4 1-0

[Event "GBR-ch"]
[Site "Scarborough"]
[Date "2001.08.03"]
[Round "5"]
[White "Wells, Peter"]
[Black "Ward, Chris G"]
[Result "1/2-1/2"]
[WhiteElo "2510"]
[BlackElo "2493"]
[Annotator "Martin,A"]
[PlyCount "60"]
[EventDate "2001.07.30"]

1. Nf3 c5 2. c4 g6 3. d4 cxd4 4. Nxd4 Bg7 5. e4 Nc6 6. Be3 Nf6 7. Nc3 d6 8. Be2
O-O 9. O-O Bd7 10. Qd2 Nxd4 11. Bxd4 Bc6 12. f3 a5 13. b3 Nd7 14. Bf2 Nc5 15.
Rab1 Qc7 ({RR} 15... f5 16. exf5 gxf5 17. a3 Kh8 18. b4 axb4 19. axb4 Na4 20.
Nxa4 {1/2-1/2 Bagirov,V-Yudasin,L/Moscow 1991/URS-ch (20)}) 16. Bd1 $146 ({RR} 
16. Rfd1 Rfc8 17. Bf1 Qd8 18. Qe1 Qf8 19. Nd5 Bxd5 20. Rxd5 e6 21. Rdd1 Qe7 22.
Kh1 Be5 23. g3 Qc7 24. Bg2 Bf6 25. Qe3 Rab8 26. Bf1 Be7 27. Be1 Nd7 28. Rbc1
Ra8 29. Bg2 Qc5 30. Qd2 Qc7 {Agrest,E-Karlsson,L/Malmoe 1999/CBM 72/1-0 (76)})
({RR} 16. Nb5 Bxb5 17. cxb5 Rfc8 18. Rfd1 Qd8 19. Qd5 Qf8 20. g3 Rc7 21. Rbc1
Rac8 22. h4 b6 23. Kg2 Rd8 24. Bxc5 Rxc5 25. Rxc5 bxc5 26. b6 Qe8 27. b7 Bd4
28. Ba6 e6 29. Qc4 d5 30. exd5 exd5 31. Qb5 Qe5 32. Qxa5 Rf8 33. Re1 Be3 34.
Re2 d4 35. b4 Qf5 36. Qxc5 {1-0 Fridman,D-Berndt,S/Senden 1998/CBM 67 ext (36)}
) ({RR} 16. Rfc1 Rfc8 17. Rc2 Qd8 18. a3 Qf8 19. Be3 h5 20. b4 axb4 21. axb4
Na4 22. Nd1 Bf6 23. Bh6 Bg7 24. Be3 Bf6 25. Bh6 Bg7 26. Be3 Bf6 27. Bh6 Qd8 28.
Be3 Kh7 29. Bf1 Qh8 30. Kh1 Rc7 {
Leko,P-Spangenberg,H/Buenos Aires 1994/EXT 97/0-1 (59)}) 16... Rfb8 17. Bc2 b5
18. cxb5 Bxb5 19. Nd5 Qb7 20. Rfe1 Bc6 21. a3 Bxd5 22. exd5 Bf6 23. h4 Rc8 24.
Re3 Nd7 25. f4 Rc7 26. h5 Rac8 27. Be4 Nc5 28. Bc2 Nd7 29. Be4 Nc5 30. Bc2 Nd7
{ Fair enough. Good,active defence by Black dissauded White from ever
playing b4.} 1/2-1/2